Maintenance management /

Saved in:
Bibliographic Details
Main Author: Pintelon, L.
Format: Book
Language:English
Published: Leuven : Acco, 1997.
Edition:1st ed.
Subjects:
Tags: Add Tag
No Tags, Be the first to tag this record!
LEADER 00779cam a2200265Ia 4500
001 007724006-5
005 20041217103540.0
008 981118s1997 be a b 000 0 engsd
020 |a 9033439905 
035 0 |a ocm40362983 
040 |a OHX  |c OHX  |d AZS  |d OCLCQ 
072 7 |a HD  |2 lcco 
072 7 |a TS  |2 lcco 
090 |a TS192  |b .P57 1997 
100 1 |a Pintelon, L. 
245 1 0 |a Maintenance management /  |c L. Pintelon, L. Gelders and F. Van Puyvelde. 
250 |a 1st ed. 
260 |a Leuven :  |b Acco,  |c 1997. 
300 |a 242 p. :  |b ill. ;  |c 24 cm. 
504 |a Includes bibliographical references (p. [237]-242). 
650 0 |a Maintenance. 
650 0 |a Plant maintenance  |x Management. 
650 0 |a Industrial equipment  |x Maintenance and repair. 
988 |a 20020608 
906 |0 OCLC